[Event "Les Diablerets Open d'été"]
[Site "Hotel Les Sources, CH-1865 Les"]
[Date "2015.07.03"]
[Round "1.1"]
[White "Bonino, Matteo"]
[Black "Blechzin, Igor"]
[Result "0-1"]
[WhiteElo "1830"]
[BlackElo "2356"]
[PlyCount "130"]
[EventDate "2015.07.03"]

1. d4 Nf6 2. Bf4 c5 3. e3 Qb6 (3... d5 4. Nf3 Nc6 5. c3 Qb6) 4. Nc3 (4. b3)
4... g6 (4... Qxb2 5. Nb5 Nd5 6. Rb1 Qxa2 7. Ra1 Qb2 8. Rb1) 5. Nf3 Bg7 6. Be2
d6 7. O-O O-O 8. Nb5 a6 9. Na3 Nbd7 10. Nc4 Qc7 11. a4 b6 12. c3 Bb7 13. Ncd2
Rad8 14. h3 e5 15. Bh2 Rfe8 16. Qb3 Qc6 17. Rac1 e4 18. Ne1 d5 19. Nc2 Nf8 20.
c4 Ne6 21. Be5 Ng5 22. cxd5 Nxd5 23. Bxg7 Kxg7 24. dxc5 Qxc5 25. Nd4 Qe7 26.
Nc6 Bxc6 27. Rxc6 Qd7 28. Rc2 Nxh3+ $1 29. gxh3 Qxh3 30. Nc4 Kg8 31. f4 b5 32.
axb5 axb5 33. Qxb5 Nxe3 34. Nxe3 Qxe3+ 35. Rf2 (35. Kg2 Rb8 36. Qc6) 35... Qg3+
36. Kf1 (36. Rg2 Qxf4 37. Qg5) 36... e3 37. Rg2 (37. Rf3 Qh2) 37... Qxf4+ 38.
Kg1 Re5 39. Qc4 (39. Qb7) 39... Re4 40. Qc3 (40. Qc7 Qf6) 40... Red4 41. Rc1
Rd2 42. Rf1 (42. b4) 42... Qd4 43. Qxd4 (43. Qc4 Rd7 44. b4) 43... R8xd4 44. b3
f5 45. Rxf5 $4 (45. Bc4+ Kg7 46. Rxd2 Rxd2 47. Rf3 Rd1+ 48. Kg2 Re1 49. b4)
45... Rxe2 46. Rxe2 gxf5 47. Rxe3 Kf7 48. Kf2 Kf6 49. Rh3 Kg6 50. Rc3 (50. Rg3+
) 50... h5 51. Rf3 Kg5 52. Rg3+ Rg4 53. Rc3 h4 54. Rh3 Rd4 55. Rc3 Kg4 56. Re3
Rd2+ 57. Kg1 Rb2 58. Rc3 f4 59. Rd3 Kf5 60. Rh3 Ke4 61. Rxh4 Ke3 62. Rh3+ f3
63. Rh8 Rb1+ 64. Kh2 f2 65. Re8+ Kd4 0-1

[Event "Les Diablerets Open d'été"]
[Site "Hotel Les Sources, CH-1865 Les"]
[Date "2015.07.03"]
[Round "1.2"]
[White "Sofrigin, Alexej"]
[Black "Cirrincione, Giansalvo"]
[Result "1-0"]
[WhiteElo "2283"]
[BlackElo "1818"]
[PlyCount "45"]
[EventDate "2015.07.03"]

1. Nf3 c5 2. g3 g6 3. Bg2 Bg7 4. c4 Nc6 5. O-O e5 6. Nc3 Nge7 7. Ne1 (7. d3 d6
8. a3 O-O 9. Rb1 a5 10. Bd2 Rb8 11. Ne1 Be6 12. Nc2 d5 13. cxd5 Nxd5 14. Nxd5
Bxd5 15. Bxd5 Qxd5 16. b4 cxb4 17. axb4 b6) 7... O-O 8. Nc2 d6 9. a3 a5 (9...
Be6 10. Nd5) 10. Rb1 (10. d3 Nd4 (10... Be6 11. Rb1 Rb8 12. b4 axb4 13. axb4
Nxb4 14. Nxb4 cxb4 15. Rxb4 d5 16. Ba3 dxc4 17. dxc4 Nc6 18. Rb1 Qxd1 19. Rfxd1
)) 10... Be6 11. Ne3 Rb8 12. d3 (12. Ned5) 12... Nd4 (12... Qd7 13. Ned5 b6 14.
Bd2 Bh3 15. Bxh3 Qxh3 16. b4) 13. b4 axb4 14. axb4 b5 15. bxc5 bxc4 16. Rxb8
Qxb8 17. cxd6 Qxd6 18. Nxc4 Bxc4 19. dxc4 Qc5 20. Nd5 Nec6 21. e3 Ne6 22. Qa4
Rb8 (22... Kh8) 23. Qxc6 1-0

[Event "Les Diablerets Open d'été"]
[Site "Hotel Les Sources, CH-1865 Les"]
[Date "2015.07.03"]
[Round "1.3"]
[White "Buffat, Pierre-André"]
[Black "Boschetti, Claudio"]
[Result "0-1"]
[WhiteElo "1744"]
[BlackElo "2140"]
[PlyCount "62"]
[EventDate "2015.07.03"]

1. Nf3 Nf6 2. c4 d6 3. d4 Nbd7 4. Nc3 e5 5. e4 c6 6. Be2 Be7 7. O-O O-O 8. Rb1
(8. Re1) 8... a5 9. a3 (9. Re1 Re8 10. b3) 9... exd4 10. Nxd4 Nc5 11. f3 Re8
12. Be3 Bf8 13. b4 axb4 14. axb4 Ne6 15. Qb3 Nxd4 16. Bxd4 Be6 17. Ra1 Rxa1 18.
Rxa1 b5 19. Be3 bxc4 20. Bxc4 d5 21. exd5 cxd5 22. Bxd5 Bxd5 23. Nxd5 Qxd5 24.
Ra3 Qxb3 25. Rxb3 Bxb4 26. Kf2 Nd5 27. Bd4 f6 28. Rd3 Nf4 29. Rb3 Be1+ 30. Kf1
Rd8 31. Bxf6 Rd1 0-1

[Event "Les Diablerets Open d'été"]
[Site "Hotel Les Sources, CH-1865 Les"]
[Date "2015.07.03"]
[Round "1.4"]
[White "Pahud, Cédric"]
[Black "Berger, Guillaume"]
[Result "1-0"]
[WhiteElo "2127"]
[BlackElo "1656"]
[PlyCount "41"]
[EventDate "2015.07.03"]

1. e4 c6 2. d4 d5 3. exd5 cxd5 4. Bd3 Nc6 5. c3 Nf6 6. Bf4 Bg4 7. Qb3 Qd7 8.
Nd2 e6 9. Ngf3 Na5 (9... Bd6 10. Bxd6 Qxd6) (9... Bxf3 10. Nxf3 Bd6) 10. Qc2
Bxf3 11. Nxf3 Bd6 12. Bg3 Nc6 13. O-O Rc8 14. Qe2 a6 15. Ne5 Qe7 16. Bh4 Qd8
17. f4 Be7 18. f5 Qb6 19. Nxf7 Kxf7 20. Qxe6+ Kf8 21. Qxc8+ 1-0

[Event "Les Diablerets Open d'été"]
[Site "Hotel Les Sources, CH-1865 Les"]
[Date "2015.07.03"]
[Round "1.5"]
[White "Trivic, Zoran"]
[Black "Medici, Simone"]
[Result "0-1"]
[WhiteElo "1534"]
[BlackElo "2101"]
[PlyCount "98"]
[EventDate "2015.07.03"]

1. d4 d5 2. Nf3 Nf6 3. c4 e6 4. Nc3 c6 5. cxd5 exd5 6. Bg5 Be7 7. e3 O-O 8. Bd3
Bg4 9. h3 (9. Qc2 h6 10. Bf4 Nbd7 11. Ne5 Nxe5 12. Bxe5 Nd7 13. Bg3 c5 14. O-O
cxd4 15. exd4 Nb6 16. Qb3) 9... Bh5 10. Bxf6 Bxf6 11. g4 Bg6 12. h4 Nd7 13. g5
Be7 14. Ne5 Bxd3 15. Qxd3 f6 16. Nxd7 Qxd7 17. O-O-O f5 18. f4 Rae8 19. Rde1
Bb4 20. Re2 Bxc3 21. Qxc3 Re4 22. b4 Rfe8 23. Kd2 Qe6 24. Rhe1 Qg6 25. Qc5 a6
26. a4 Qh5 27. b5 axb5 28. axb5 R4e6 29. bxc6 bxc6 30. Rb1 Ra8 31. Qc2 Qe8 32.
Rc1 g6 33. Qc3 Ra4 34. Qb3 Rxd4+ 35. Ke1 Rxf4 36. Rxc6 Qxc6 37. exf4 Qc1+ 38.
Qd1 Rxe2+ 39. Kxe2 Qxd1+ 40. Kxd1 Kf7 41. Kc2 Ke7 42. Kc3 Kd7 43. Kb4 Kc6 44.
Kc3 Kc5 45. Kd3 d4 46. Kd2 Kc4 47. Ke2 d3+ 48. Kd2 Kd4 49. Kd1 Ke3 0-1

[Event "Les Diablerets Open d'été"]
[Site "Hotel Les Sources, CH-1865 Les"]
[Date "2015.07.04"]
[Round "2.1"]
[White "Blechzin, Igor"]
[Black "Pahud, Cédric"]
[Result "1-0"]
[WhiteElo "2356"]
[BlackElo "2127"]
[PlyCount "149"]
[EventDate "2015.07.03"]

1. c4 c5 2. Nf3 g6 3. d4 cxd4 4. Nxd4 Nc6 5. e4 Nf6 6. Nc3 d6 7. Be2 Nxd4 8.
Qxd4 Bg7 9. Be3 O-O 10. Qd2 Be6 11. Rc1 Qa5 12. O-O Rfc8 13. b3 a6 14. Bf3 Nd7
15. e5 Qc7 16. exd6 exd6 17. Nd5 Bxd5 18. Qxd5 Rab8 19. Rfd1 Ne5 20. Be2 Bf8
21. Ba7 Ra8 22. Bd4 Qc6 23. Qa5 Qe4 24. Qd2 Re8 25. Be3 h5 26. h3 Rad8 27. Qd5
Qxd5 28. Rxd5 Rc8 29. Rcd1 f5 30. Kf1 Re6 31. Bc1 Rce8 32. Bf4 Rc8 33. g3 Rc5
34. b4 Rxd5 35. Rxd5 Nd7 36. g4 fxg4 37. hxg4 Nf6 38. Rd1 Nxg4 39. c5 Rf6 40.
Bxg4 hxg4 41. Bxd6 Bxd6 42. cxd6 Rf8 43. Kg2 Kf7 44. d7 Ke7 45. Kg3 Kd8 46. Rd2
Rf5 47. Kxg4 Rb5 48. Rd4 a5 49. a3 axb4 50. axb4 Rf5 51. f4 Rb5 52. Rd6 Rxb4
53. Kg5 b5 54. Rxg6 Kxd7 55. f5 Ke7 56. Rg7+ Kf8 57. Rb7 Kg8 58. Kf6 Rb1 59.
Rb8+ Kh7 60. Kf7 b4 61. f6 b3 62. Rb4 Rh1 63. Rxb3 Rh2 64. Rg3 Rh1 65. Kf8 Rf1
66. f7 Rh1 67. Rg2 Kh8 68. Rg8+ Kh7 69. Ke7 Re1+ 70. Kd6 Rd1+ 71. Ke5 Re1+ 72.
Kd4 Rd1+ 73. Ke3 Re1+ 74. Kd2 Rf1 75. f8=R 1-0

[Event "Les Diablerets Open d'été"]
[Site "Hotel Les Sources, CH-1865 Les"]
[Date "2015.07.04"]
[Round "2.2"]
[White "Medici, Simone"]
[Black "Sofrigin, Alexej"]
[Result "1/2-1/2"]
[WhiteElo "2101"]
[BlackElo "2283"]
[PlyCount "67"]
[EventDate "2015.07.03"]

1. d4 Nf6 2. c4 c5 3. d5 b5 4. cxb5 a6 5. bxa6 Bxa6 6. Nc3 g6 7. g3 d6 8. Bg2
Bg7 9. Nf3 O-O 10. O-O Nbd7 11. h3 Qa5 12. Re1 Rfb8 13. e4 Ne8 14. Qc2 Nc7 15.
Bd2 Nb5 16. Nxb5 Qxb5 17. Bc3 Bxc3 18. bxc3 Qb2 19. Qxb2 Rxb2 20. e5 Nb6 21.
exd6 exd6 22. Ng5 Bc4 23. Ne4 Raxa2 24. Rxa2 Bxa2 25. Nxd6 Bxd5 26. Bxd5 Nxd5
27. Re5 Nxc3 28. Rxc5 Nd1 29. Rc7 Kg7 30. Ne4 Rb1 31. Re7 Ne3+ 32. Kh2 Rb2 33.
Kg1 Rb1+ 34. Kh2 1/2-1/2

[Event "Les Diablerets Open d'été"]
[Site "Hotel Les Sources, CH-1865 Les"]
[Date "2015.07.04"]
[Round "2.3"]
[White "Boschetti, Claudio"]
[Black "Zahner, Rolf"]
[Result "1-0"]
[WhiteElo "2140"]
[BlackElo "1589"]
[PlyCount "67"]
[EventDate "2015.07.03"]

1. e4 c5 2. d3 d6 3. Nd2 Nf6 4. Be2 e6 5. Ngf3 Be7 6. O-O O-O 7. a4 a6 8. c3
Bd7 9. Re1 Bc6 10. Bf1 Nbd7 11. a5 Ne8 12. g3 f6 13. Bh3 Nc7 14. d4 d5 15. c4
Rf7 16. cxd5 exd5 17. e5 fxe5 18. dxe5 Nf8 19. e6 Rf6 20. Ne5 Nfxe6 21. Nxc6
bxc6 22. Nf3 Qe8 23. Ng5 Nxg5 24. Bxg5 Rf7 25. Bf4 Rxf4 26. gxf4 Qg6+ 27. Kh1
Bf6 28. Qb3 Nb5 29. Rad1 Bd4 30. Re6 Qf7 31. Rxc6 Qxf4 32. Qxd5+ Kf8 33. Rd3
Be5 34. Rf3 1-0

[Event "Les Diablerets Open d'été"]
[Site "Hotel Les Sources, CH-1865 Les"]
[Date "2015.07.04"]
[Round "2.5"]
[White "Berger, Guillaume"]
[Black "Bonino, Matteo"]
[Result "0-1"]
[WhiteElo "1656"]
[BlackElo "1830"]
[PlyCount "60"]
[EventDate "2015.07.03"]

1. Nf3 e6 2. d4 f5 3. c4 Nf6 4. Bg5 b6 5. Nc3 Bb4 6. Rc1 O-O 7. a3 Bxc3+ 8.
Rxc3 d6 9. e3 Nbd7 10. Be2 Bb7 11. b4 h6 12. Bh4 g5 13. Bg3 Ne4 14. Rc1 Kg7 15.
d5 e5 16. Bd3 Ndf6 17. h4 Nxg3 18. fxg3 g4 19. Nh2 Nh5 20. Bxf5 Kh8 21. Qxg4
Rxf5 22. Qxf5 Nxg3 23. Qg6 Qxh4 24. Kd2 Rg8 25. Nf3 Ne4+ 26. Kd3 Qxh1 27. Kxe4
Rxg6 28. Rxh1 Kg7 29. Rg1 Rg4+ 30. Kd3 e4+ 0-1

[Event "Les Diablerets Open d'été"]
[Site "Hotel Les Sources, CH-1865 Les"]
[Date "2015.07.04"]
[Round "2.6"]
[White "Perreard, Nicolas"]
[Black "Buffat, Pierre-André"]
[Result "1/2-1/2"]
[WhiteElo "1498"]
[BlackElo "1744"]
[PlyCount "81"]
[EventDate "2015.07.03"]

1. e4 d5 2. exd5 Qxd5 3. Nc3 Qa5 4. Bc4 Nf6 5. h3 Bf5 6. d3 e6 7. Bf4 Bd6 8.
Bxd6 cxd6 9. Nf3 O-O 10. O-O Nc6 11. Nh4 Bg6 12. Nxg6 hxg6 13. Qf3 Ne5 14. Qxb7
Nxc4 15. dxc4 Rab8 16. Qf3 Rxb2 17. Rac1 Rfb8 18. Rfd1 Qe5 19. Re1 Qg5 20. Qd3
Rd8 21. Qd4 Qc5 22. Qd3 Rb4 23. Ne4 Nxe4 24. Rxe4 Rc8 25. Rd1 Rxc4 26. Rxc4
Qxc4 27. Qxc4 Rxc4 28. Rxd6 Rxc2 29. Ra6 Rc7 30. Kf1 Kf8 31. Ke2 Ke7 32. Kd3
Kf6 33. Kd4 g5 34. g4 g6 35. f3 Ke7 36. Kd3 Kd7 37. Kd4 Kc8 38. Ke5 Kb7 39. Ra3
Kc8 40. Kf6 Rb7 41. Kxg5 1/2-1/2

[Event "Les Diablerets Open d'été"]
[Site "Hotel Les Sources, CH-1865 Les"]
[Date "2015.07.04"]
[Round "3.1"]
[White "Boschetti, Claudio"]
[Black "Blechzin, Igor"]
[Result "0-1"]
[WhiteElo "2140"]
[BlackElo "2356"]
[PlyCount "80"]
[EventDate "2015.07.03"]

1. e4 c5 2. Nf3 d6 3. d3 Nc6 4. c3 Nf6 5. Be2 g6 6. O-O Bg7 7. Nbd2 O-O 8. Re1
e5 9. a4 d5 10. Bf1 h6 11. g3 Be6 12. Bg2 Qc7 13. exd5 Nxd5 14. Nc4 Rad8 15.
Qc2 Ndb4 $1 16. cxb4 Nxb4 17. Qe2 Nxd3 18. Nfd2 Nxe1 19. Qxe1 f5 20. b3 e4 21.
Bb2 Bxb2 22. Nxb2 Qa5 23. Nbc4 Bxc4 24. Nxc4 Qxe1+ 25. Rxe1 Rd3 26. Rb1 Rfd8
27. Ne3 R8d7 28. Bf1 Rd2 29. Bc4+ Kg7 30. h4 Kf6 31. a5 g5 32. hxg5+ hxg5 33.
Rc1 f4 34. gxf4 gxf4 35. Nf1 Rd1 36. Rc3 f3 37. Bb5 R7d6 38. Bc4 Rd7 39. Kh2
Rg7 40. Kh3 Rd8 0-1

[Event "Les Diablerets Open d'été"]
[Site "Hotel Les Sources, CH-1865 Les"]
[Date "2015.07.04"]
[Round "3.2"]
[White "Cirrincione, Paze` Paolo"]
[Black "Medici, Simone"]
[Result "1/2-1/2"]
[WhiteElo "1884"]
[BlackElo "2101"]
[PlyCount "125"]
[EventDate "2015.07.03"]

1. d4 d5 2. Bf4 Nf6 3. e3 e6 4. Nf3 c5 5. c3 Nc6 6. Nbd2 Bd6 7. Bg3 O-O 8. Ne5
Bxe5 9. dxe5 Nd7 10. f4 c4 11. Nf3 Qb6 12. Qd2 f6 13. Nd4 Ne7 14. b3 fxe5 15.
fxe5 cxb3 16. axb3 Ng6 17. Bd3 Ndxe5 18. Bc2 Rf6 19. h4 Ng4 20. h5 Nf8 21. Bd1
Nh6 22. Be5 Rf7 23. Bf4 Nf5 24. Nxf5 Rxf5 25. Bc2 Rf7 26. O-O-O a5 27. Be5 Qc5
28. Rdf1 Qe7 29. Rxf7 Qxf7 30. Qe2 b6 31. Rf1 Qe7 32. Qd3 g6 33. Rxf8+ Kxf8 34.
hxg6 hxg6 35. Qxg6 Ra7 36. Bf6 Qa3+ 37. Kd2 Rf7 38. Qh6+ Ke8 39. Qh8+ Qf8 40.
Bg6 Qxh8 41. Bxh8 Ba6 42. Bxf7+ Kxf7 43. Bd4 b5 44. Bb6 a4 45. bxa4 bxa4 46.
Kc2 Kg6 47. Kb2 Kf5 48. Ka3 Bb5 49. Kb4 Bc6 50. c4 dxc4 51. Kxc4 Bxg2 52. Bc5
Bc6 53. Kd4 e5+ 54. Kc3 Ke6 55. Kb4 Kd5 56. Ba7 Be8 57. Ka3 Kc4 58. Bb8 Kd3 59.
Ba7 Ke4 60. Bb6 Kd3 61. Ba7 Kc4 62. Bb8 Kd5 63. Ba7 1/2-1/2

[Event "Les Diablerets Open d'été"]
[Site "Hotel Les Sources, CH-1865 Les"]
[Date "2015.07.04"]
[Round "3.3"]
[White "Sofrigin, Alexej"]
[Black "Pahud, Cédric"]
[Result "0-1"]
[WhiteElo "2283"]
[BlackElo "2127"]
[PlyCount "90"]
[EventDate "2015.07.03"]

1. Nf3 c5 2. g3 g6 3. Bg2 Bg7 4. c4 Nc6 5. O-O d6 6. Nc3 e5 7. Ne1 Be6 8. d3
Nge7 9. Nc2 d5 10. cxd5 Nxd5 11. Ne3 Nde7 12. Ne4 b6 13. Qa4 Qc7 14. Ng5 Bd7
15. Nd5 Nxd5 16. Bxd5 Nd8 17. Qe4 Rc8 18. f4 Bc6 19. f5 Bxd5 20. Qxd5 Qc6 21.
Qxc6+ Rxc6 22. Ne4 f6 23. h4 Nb7 24. Be3 Nd6 25. Nxd6+ Rxd6 26. Rac1 Ke7 27.
Kg2 Rdd8 28. Kh3 h5 29. b4 cxb4 30. Rc7+ Rd7 31. Rxd7+ Kxd7 32. fxg6 Ke6 33.
Bd2 a5 34. Rc1 Kf5 35. Rc6 Kxg6 36. g4 hxg4+ 37. Kxg4 b5 38. Ra6 Bf8 39. e4 a4
40. Rb6 Bc5 41. Rxb5 Bf2 42. Rxb4 a3 43. Kf3 Bc5 44. Rb5 Bd4 45. Kg4 Bf2 0-1

[Event "Les Diablerets Open d'été"]
[Site "Hotel Les Sources, CH-1865 Les"]
[Date "2015.07.04"]
[Round "3.4"]
[White "Zahner, Rolf"]
[Black "Trivic, Zoran"]
[Result "0-1"]
[WhiteElo "1589"]
[BlackElo "1534"]
[PlyCount "66"]
[EventDate "2015.07.03"]

1. e4 c6 2. d4 d5 3. e5 Bf5 4. Bd3 Bxd3 5. Qxd3 e6 6. c3 Qb6 7. Nf3 c5 8. a3
Nc6 9. b4 c4 10. Qc2 Nge7 11. O-O Nf5 12. Bg5 h6 13. Bd2 Be7 14. Qd1 a5 15. Qa4
O-O 16. bxa5 Nxa5 17. Qc2 Nb3 18. Ra2 Ra4 19. g4 Nh4 20. Nxh4 Bxh4 21. f4 Be7
22. Be3 Rfa8 23. f5 Bxa3 24. Nxa3 Rxa3 25. Rxa3 Rxa3 26. f6 g5 27. h4 Na1 28.
Qd2 Qb3 29. Rc1 Ra2 30. Qe1 Nc2 31. Qg3 Nxe3 32. Qxe3 Qb2 33. Kf1 Qg2+ 0-1

[Event "Les Diablerets Open d'été"]
[Site "Hotel Les Sources, CH-1865 Les"]
[Date "2015.07.04"]
[Round "3.5"]
[White "Bonino, Matteo"]
[Black "Perreard, Nicolas"]
[Result "1-0"]
[WhiteElo "1830"]
[BlackElo "1498"]
[PlyCount "65"]
[EventDate "2015.07.03"]

1. d4 d5 2. Bf4 Bf5 3. e3 e6 4. c4 Nf6 5. Nc3 Bd6 6. Bg3 Bxg3 7. hxg3 b6 8. Nf3
c5 9. Rc1 O-O 10. cxd5 exd5 11. Bd3 Bxd3 12. Qxd3 c4 13. Qf5 Qd7 14. Qg5 Nc6
15. Ne5 Qe6 16. Nxc6 Qxc6 17. Qh4 h6 18. g4 Kh7 19. g5 Ng8 20. g4 f6 21. gxh6
gxh6 22. Qh5 Rad8 23. Ne2 Qd7 24. Nf4 Qf7 25. Qf5+ Kh8 26. Ng6+ Kg7 27. Nxf8
Rxf8 28. Ke2 Re8 29. Rh3 Re4 30. Rxc4 Rxe3+ 31. Rxe3 dxc4 32. Qe6 Qg6 33. Qe4
1-0

[Event "Les Diablerets Open d'été"]
[Site "Hotel Les Sources, CH-1865 Les"]
[Date "2015.07.04"]
[Round "3.6"]
[White "Buffat, Pierre-André"]
[Black "Cirrincione, Giansalvo"]
[Result "0-1"]
[WhiteElo "1744"]
[BlackElo "1818"]
[PlyCount "102"]
[EventDate "2015.07.03"]

1. e4 c5 2. c3 g6 3. d4 cxd4 4. cxd4 d5 5. e5 Bg7 6. Nc3 Nc6 7. Nf3 Bg4 8. Be2
Bxf3 9. Bxf3 e6 10. O-O Qb6 11. Na4 Qxd4 12. Qb3 Qb4 13. Qxb4 Nxb4 14. Bd2 Nd3
15. Bc3 Bxe5 16. Rfd1 Bxc3 17. Rxd3 Bg7 18. Nc3 a6 19. Re1 Ne7 20. Nxd5 exd5
21. Bxd5 Rd8 22. Rde3 Rxd5 23. Rxe7+ Kd8 24. Rxb7 Rd7 25. Rb6 Kc7 26. Rxa6 Bxb2
27. Ra7+ Kc6 28. Ra4 Rhd8 29. Rc4+ Kb5 30. Rce4 Rd1 31. a4+ Ka5 32. Kf1 Rxe1+
33. Kxe1 Bc3+ 34. Ke2 Bb4 35. Rf4 Rd2+ 36. Ke3 Rd7 37. Rc4 Kxa4 38. f4 Kb5 39.
Rc2 f5 40. h3 Bc5+ 41. Ke2 Rd4 42. g3 Re4+ 43. Kf3 Re3+ 44. Kg2 Re1 45. g4 Rg1+
46. Kh2 fxg4 47. Rxc5+ Kxc5 48. Kxg1 gxh3 49. Kh2 Kd4 50. Kxh3 Ke4 51. Kg4 h6
0-1

[Event "Les Diablerets Open d'été"]
[Site "Hotel Les Sources, CH-1865 Les"]
[Date "2015.07.05"]
[Round "4.1"]
[White "Blechzin, Igor"]
[Black "Cirrincione, Paze` Paolo"]
[Result "1-0"]
[WhiteElo "2356"]
[BlackElo "1884"]
[PlyCount "61"]
[EventDate "2015.07.03"]

1. c4 f5 2. g3 Nf6 3. Bg2 e6 4. d3 d5 5. Nf3 Bd6 6. O-O O-O 7. b3 Qe7 8. Bb2
Nbd7 9. Nbd2 c6 10. Re1 e5 11. cxd5 cxd5 12. e4 Nc5 13. d4 Nd3 14. dxe5 Nxe1
15. Qxe1 fxe4 16. exd6 Qxd6 17. Nd4 Bd7 18. h3 Rae8 19. Qe3 a6 20. Nf1 Be6 21.
Rd1 Nd7 22. Nxe6 Qxe6 23. Qd4 Nf6 24. Ne3 Rd8 25. Kh2 Rf7 26. f3 Re7 27. fxe4
Nxe4 28. Nxd5 Kh8 29. Nxe7 Rxd4 30. Rxd4 Qxe7 31. Rxe4 1-0

[Event "Les Diablerets Open d'été"]
[Site "Hotel Les Sources, CH-1865 Les"]
[Date "2015.07.05"]
[Round "4.2"]
[White "Trivic, Zoran"]
[Black "Boschetti, Claudio"]
[Result "0-1"]
[WhiteElo "1534"]
[BlackElo "2140"]
[PlyCount "76"]
[EventDate "2015.07.03"]

1. d4 Nf6 2. c4 e5 3. d5 Bc5 4. e3 O-O 5. Nf3 d6 6. h3 e4 7. Nd4 c6 8. Nc3 cxd5
9. cxd5 a6 10. a3 b5 11. b4 Bb6 12. Be2 Bb7 13. Qb3 Re8 14. O-O Re5 15. f4 Bxd5
16. Qd1 Re8 17. Nf5 Bc6 18. Nxd6 Re6 19. Nf5 Qc7 20. Qc2 Nbd7 21. Rd1 Rc8 22.
Bb2 Qxf4 23. Rf1 Qc7 24. Rad1 Bb7 25. Qb3 Ne5 26. Nd5 Nxd5 27. Rxd5 Bxd5 28.
Qxd5 Qc6 29. Qb3 Qc2 30. Bd1 Qxb3 31. Bxb3 Nc4 32. Bxg7 Bxe3+ 33. Kh1 Bg5 34.
Bd4 e3 35. h4 e2 36. Re1 Bd2 37. Bf2 Bxe1 38. Bxe1 Rd8 0-1

[Event "Les Diablerets Open d'été"]
[Site "Hotel Les Sources, CH-1865 Les"]
[Date "2015.07.05"]
[Round "4.3"]
[White "Pahud, Cédric"]
[Black "Bonino, Matteo"]
[Result "1/2-1/2"]
[WhiteElo "2127"]
[BlackElo "1830"]
[PlyCount "117"]
[EventDate "2015.07.03"]

1. e4 e6 2. d4 d5 3. Nd2 c5 4. exd5 Qxd5 5. Ngf3 cxd4 6. Bc4 Qd6 7. O-O Nf6 8.
Nb3 Nc6 9. Nbxd4 Nxd4 10. Nxd4 a6 11. Re1 Qc7 12. Bb3 Bd6 13. h3 O-O 14. Bg5
Bf4 15. Bxf4 Qxf4 16. c3 b6 17. Qf3 Qxf3 18. Nxf3 Bb7 19. Ne5 Rfd8 20. Red1 Kf8
21. a4 Rab8 22. f3 Ke7 23. Kf2 Nd7 24. Nd3 Nc5 25. Nxc5 bxc5 26. Bc4 a5 27. Ke2
Bd5 28. Bb5 Bb3 29. Rxd8 Rxd8 30. Bd3 c4 31. Be4 Rd6 32. Rc1 Rb6 33. Ra1 f5 34.
Bb1 Bxa4 35. Rxa4 Rxb2+ 36. Ke3 Rxb1 37. Rxa5 Rg1 38. g4 fxg4 39. hxg4 Rd1 40.
Kf4 Rd3 41. Ra7+ Kf6 42. g5+ Kg6 43. Ra6 Kf7 44. Ra7+ Kf8 45. Ra8+ Ke7 46. Rg8
Kf7 47. Ra8 Rxc3 48. Ra7+ Kg6 49. Ra6 Kf7 50. Ra7+ Kf8 51. Ra8+ Ke7 52. Ra7+
Kd6 53. Rxg7 Rd3 54. Rxh7 c3 55. Rh1 c2 56. Rc1 Rc3 57. Ke4 Ke7 58. Kd4 Rxf3
59. Rxc2 1/2-1/2

[Event "Les Diablerets Open d'été"]
[Site "Hotel Les Sources, CH-1865 Les"]
[Date "2015.07.05"]
[Round "4.4"]
[White "Medici, Simone"]
[Black "Cirrincione, Giansalvo"]
[Result "1-0"]
[WhiteElo "2101"]
[BlackElo "1818"]
[PlyCount "51"]
[EventDate "2015.07.03"]

1. d4 e6 2. c4 f5 3. Nf3 Nf6 4. Bg5 b6 5. Nc3 Bb4 6. e3 Bb7 7. Bd3 O-O 8. O-O
Bxc3 9. bxc3 h6 10. Bxf6 Qxf6 11. Re1 g5 12. Nd2 Nc6 13. f3 Ne7 14. Rb1 Kh8 15.
Qe2 g4 16. f4 Ng6 17. g3 h5 18. e4 h4 19. Rb5 Bc6 20. exf5 Bxb5 21. fxg6 Bc6
22. Qxg4 Kg7 23. Re5 Rh8 24. d5 exd5 25. cxd5 Ba4 26. Ne4 1-0

[Event "Les Diablerets Open d'été"]
[Site "Hotel Les Sources, CH-1865 Les"]
[Date "2015.07.05"]
[Round "4.5"]
[White "Berger, Guillaume"]
[Black "Sofrigin, Alexej"]
[Result "0-1"]
[WhiteElo "1656"]
[BlackElo "2283"]
[PlyCount "34"]
[EventDate "2015.07.03"]

1. Nf3 c5 2. c4 Nf6 3. Nc3 d5 4. cxd5 Nxd5 5. Qb3 Nc7 6. d3 Nc6 7. Bf4 e6 8. g3
Be7 9. Bg2 O-O 10. O-O Re8 11. Rac1 Bf8 12. Na4 Na6 13. Be3 Nd4 14. Bxd4 cxd4
15. Qc4 e5 16. Nd2 Rb8 17. Qb3 b5 0-1

[Event "Les Diablerets Open d'été"]
[Site "Hotel Les Sources, CH-1865 Les"]
[Date "2015.07.05"]
[Round "5.2"]
[White "Boschetti, Claudio"]
[Black "Pahud, Cédric"]
[Result "1/2-1/2"]
[WhiteElo "2140"]
[BlackElo "2127"]
[PlyCount "176"]
[EventDate "2015.07.03"]

1. e4 c5 2. Nf3 g6 3. d4 cxd4 4. c3 Bg7 5. cxd4 d5 6. exd5 Nf6 7. Nc3 Nxd5 8.
Bc4 Nb6 9. Bb3 O-O 10. h3 Nc6 11. Be3 Na5 12. O-O Nxb3 13. axb3 Be6 14. Ng5 Bd5
15. Nxd5 Nxd5 16. h4 e6 17. Nf3 h5 18. Bg5 Bf6 19. g3 Kg7 20. Re1 a6 21. Qd2
Bxg5 22. Nxg5 Qb6 23. Qd3 Nf6 24. Ra4 Rad8 25. Re5 Rd7 26. Nf3 Rfd8 27. Rg5 Ng4
28. Qc3 f6 29. Rc5 e5 30. Rac4 Qd6 31. Kg2 e4 32. Nd2 b5 33. Rb4 Qe6 34. Nf1 e3
35. Nxe3 Qe4+ 36. Kg1 Rxd4 37. Rc7+ Kh6 38. Nxg4+ hxg4 39. Qc1+ g5 40. hxg5+
Kg6 41. Rxd4 Qxd4 42. gxf6 Qd1+ 43. Qxd1 Rxd1+ 44. Kg2 Rd3 45. b4 Rd4 46. Rc6
Rxb4 47. Rxa6 Rxb2 48. Rb6 Rc2 49. Rxb5 Kxf6 50. Kf1 Ra2 51. Ke1 Kg6 52. Rd5
Rb2 53. Rd2 Rb5 54. Ke2 Kf5 55. f3 gxf3+ 56. Kxf3 Rb3+ 57. Kg2 Kg4 58. Rd4+ Kg5
59. Kh3 Rb5 60. Rg4+ Kh5 61. Rg8 Rb3 62. Re8 Rb4 63. g4+ Kg5 64. Re5+ Kg6 65.
Kh4 Rb6 66. Rg5+ Kh6 67. Rg8 Kh7 68. Rf8 Kg7 69. Rc8 Ra6 70. Rc4 Rb6 71. Rc5
Ra6 72. Rg5+ Kh7 73. Rf5 Kg6 74. Rf4 Rb6 75. Re4 Ra6 76. Kg3 Kg5 77. Re5+ Kg6
78. Kf4 Ra4+ 79. Re4 Rxe4+ 80. Kxe4 Kg5 81. Kf3 Kg6 82. Kf4 Kf6 83. g5+ Kg6 84.
Kg4 Kg7 85. Kf5 Kf7 86. g6+ Kg7 87. Kg5 Kg8 88. Kf6 Kf8 1/2-1/2

[Event "Les Diablerets Open d'été"]
[Site "Hotel Les Sources, CH-1865 Les"]
[Date "2015.07.05"]
[Round "5.3"]
[White "Sofrigin, Alexej"]
[Black "Bonino, Matteo"]
[Result "1-0"]
[WhiteElo "2283"]
[BlackElo "1830"]
[PlyCount "119"]
[EventDate "2015.07.03"]

1. Nf3 e6 2. g3 f5 3. Bg2 Nf6 4. O-O Be7 5. d3 O-O 6. Nbd2 d6 7. c3 c6 8. e4 e5
9. Qb3+ Kh8 10. exf5 Qb6 11. Nc4 Qxb3 12. axb3 Na6 13. Bh3 Nc5 14. Nb6 Bxf5 15.
Bxf5 axb6 16. Rxa8 Rxa8 17. b4 Na6 18. Re1 Re8 19. d4 exd4 20. Nxd4 Nc7 21. Kg2
c5 22. Ne6 Bf8 23. Bd2 Nxe6 24. Bxe6 d5 25. b5 Bd6 26. Bh3 Rxe1 27. Bxe1 Kg8
28. Bc8 Kf7 29. Bxb7 Ke6 30. f3 Ng8 31. Bc8+ Kf7 32. h4 Ne7 33. Bd7 Ng6 34. f4
Nf8 35. Bc8 Be7 36. g4 Ng6 37. f5 Nxh4+ 38. Kg3 d4 39. cxd4 cxd4 40. Be6+ Ke8
41. Bf2 Bf6 42. g5 Bxg5 43. Bxd4 g6 44. fxg6 Nxg6 45. Bxb6 Ke7 46. Bf5 Bf4+ 47.
Kf3 Bb8 48. Bc5+ Kd8 49. Ke4 Kc7 50. Be3 Kb7 51. b6 Ne7 52. Be6 Bd6 53. Kd3 Kc6
54. Kc4 h5 55. b4 h4 56. Bh3 Kb7 57. Kb5 Ng6 58. Bg2+ Kb8 59. Bc6 Bg3 60. Ka6
1-0